Les albums de Josman - Mort subite - Statistiques

Statistiques générales
  • Ce quiz a été pris 235 fois
  • Le résultat moyen est 5 sur 7
Answers on the Grid
Answers color-coded by a green-red scale on the quiz's grid according to % correct below.
J.O.$
SPLIT
M.A.N
Échecs positifs
Matrix
000$
J.000.$
000
Intro
J'aime bien!
Goal
J'allume
Échecs négatifs
Senorita
My Love
L'oiseau rare
 
Statistiques - réponses
Réponse % Correct
M.A.N
81%
J.O.$
78%
SPLIT
72%
J.000.$
69%
000$
65%
Matrix
59%
Échecs positifs
52%
Aucun quiz correspondant
Distribution des résultats
% des personnes avec chaque résultat
Percentile par nombre de réponses
Votre historique - résultats
Vous n’avez pas pris ce quiz